Twenty øne piløts quiz (im backkk i have been dead for 3 years woo) - Statistics

General Stats
  • This quiz has been taken 118 times
  • The average score is 10 of 15
Answer Stats
Hint Answer % Correct
He said well son when i grow old, __________ me a house of gold? Will you buy
90%
How many people are in the band? 2
84%
Slow down on _______, not a ________ on wednesday Monday, sound
84%
How many albums do they have? (Including regional at best) 6
83%
What is the drummers name? Josh dun
83%
What is the lead singers name? Tyler joseph
81%
When did the band start? 2009
78%
Im taking over my ______ back in control no more ______ Body, shotty
71%
You fell asleep in my _______________ but that's okay i'll just __________ so you sleep fine Car i drove the whole time, avoid the holes
69%
What record label is twenty one pilots? Fueled by ramen
58%
If i keep ____________, i'll morph to someone else Moving they wont know
55%
Im flying from a ______, from _____ and the ______. Fire, nico, niners
53%
You are _______, you are hurt, a _______ ate through, your _________ shirt. Tired, moth, favorite
46%
I'm never what i like, im __________, and i just can't hide, i ____________. Double-sided, kinda like it
43%
I know ______________, they called for help of this im sure, but do i ___________, to all the glowing eyes There's someone at the door, want to say goodbye
20%
No matching quizzes found
Score Distribution
Percent of People with Each Score
Percentile by Number Answered
Your Score History
You have not taken this quiz